000 00278nam a22001217a 4500
008 180806b xxu||||| |||| 00| 0 eng d
082 _a813.52
245 _aPregnancy Labor and Delivery
_cDelmar
260 _c2004
300 _a6
_fCD
440 _x0840019874
942 _2ddc
_cMX
999 _c46810
_d46810